000 00850cam a22002651 4500
001 gs 36000024
003 DLC
005 20260227111340.0
008 790615s1935 nbu b s000 0 eng
010 _ags 36000024
035 _a(OCoLC)5069507
040 _aDLC
_cTxCM
_dDLC
042 _apremarc
050 0 0 _aQE135
_b.A43 no. 8
100 1 _aCondra, Geo. E.
_q(George Evert),
_d1869-1958.
245 1 0 _aGeologic cross-section, Forest City, Missouri to Du Bois, Nebraska,
_cby G. E. Condra.
260 _a[Lincoln]
_bPublished by authority of the state of Nebraska,
_c1935.
300 _a23 p.
410 2 0 _aNebraska Geological Survey
_tPaper
_vno. 8
500 _aCover title.
504 _aBibliographical foot-notes.
650 0 _aGeology
_zNebraska.
650 0 _aGeology
_zMissouri.
650 0 _aGeology, Stratigraphic
_yCarboniferous.
999 _c27235
_d27235